Nature's year; (Record no. 7377)
[ view plain ]
| 000 -LEADER | |
|---|---|
| fixed length control field | 00775cam a22002531 4500 |
| 001 - CONTROL NUMBER | |
| control field | 8900178 |
| 003 - CONTROL NUMBER IDENTIFIER | |
| control field | GBCCL |
| 005 - DATE AND TIME OF LATEST TRANSACTION | |
| control field | 20241126110626.0 |
| 008 - FIXED-LENGTH DATA ELEMENTS--GENERAL INFORMATION | |
| fixed length control field | 761209s1961 nyua 000 0 eng |
| 010 ## - | |
| -- | 61008166 |
| 035 ## - SYSTEM CONTROL NUMBER | |
| System control number | (OCoLC)2610539 |
| 040 ## - CATALOGING SOURCE | |
| Original cataloging agency | DLC |
| Transcribing agency | O |
| Modifying agency | OCoLC |
| -- | DLC |
| 050 00 - | |
| -- | QH105.M4 |
| -- | H3 |
| 082 ## - DEWEY DECIMAL CLASSIFICATION NUMBER | |
| Classification number | 574.97449 |
| Item number | HAY |
| 100 1# - MAIN ENTRY--PERSONAL NAME | |
| Personal name | Hay, John, |
| Dates associated with a name | 1915- |
| 9 (RLIN) | 13045 |
| 245 10 - TITLE STATEMENT | |
| Title | Nature's year; |
| Remainder of title | the seasons of Cape Cod. |
| Statement of responsibility, etc. | Illustrated by David Grose. |
| 250 ## - EDITION STATEMENT | |
| Edition statement | [1st ed.] |
| 260 ## - PUBLICATION, DISTRIBUTION, ETC. | |
| Place of publication, distribution, etc. | Garden City, N.Y., |
| Name of publisher, distributor, etc. | Doubleday, |
| Date of publication, distribution, etc. | 1961. |
| 300 ## - PHYSICAL DESCRIPTION | |
| Extent | 199 p. |
| Other physical details | illus. |
| Dimensions | 22 cm. |
| 650 #0 - SUBJECT ADDED ENTRY--TOPICAL TERM | |
| Topical term or geographic name entry element | Natural history |
| Geographic subdivision | Massachusetts |
| -- | Cape Cod. |
| 9 (RLIN) | 13046 |
| 650 #0 - SUBJECT ADDED ENTRY--TOPICAL TERM | |
| Topical term or geographic name entry element | Natural history |
| Form subdivision | Outdoor books. |
| 9 (RLIN) | 13047 |
| 906 ## - LOCAL DATA ELEMENT F, LDF (RLIN) | |
| a | 7 |
| b | cbc |
| c | oclcrpl |
| d | u |
| e | ncip |
| f | 19 |
| g | y-gencatlg |
| 942 ## - ADDED ENTRY ELEMENTS (KOHA) | |
| Source of classification or shelving scheme | Dewey Decimal Classification |
| Koha item type | Books |
| Withdrawn status | Lost status | Source of classification or shelving scheme | Damaged status | Not for loan | Home library | Current Library | Shelving location | Date acquired | Total checkouts | Full call number | Barcode | Date last seen | Copy number | Price effective from | Koha item type |
|---|---|---|---|---|---|---|---|---|---|---|---|---|---|---|---|
| Dewey Decimal Classification | GRACE BIBLE COLLEGE | GRACE BIBLE COLLEGE | General Studies | 2018-08-02 | 574.97449 HAY | 005158 | 2025-05-01 | c.1 | 2018-08-02 | Books |